Statistiken für Gemeinden von Lienz (Osttirol)

Klicken Sie hier um das Quiz zu spielen!

Allgemein

  • Dieses Quiz wurde 270 mal gespielt
  • Das Durchschnittsergebnis liegt bei 23 aus 33

Antworten auf der Karte

Die Antworten werden auf der Karte rot bzw. grün angezeigt, abhängig davon wie oft sie richtig erraten wurden.
 

Antwortstatistiken

EinwohnerGemeinde% Korrekt
11.935Lienz
100%
4.633Matrei in Osttirol
95%
2.030Sillian
88%
1.120Kals am Großglockner
85%
829St. Jakob in Defereggen
80%
746Außervillgraten
74%
2.303Dölsach
74%
3.403Nußdorf-Debant
74%
1.458Oberlienz
74%
647Abfaltersbach
73%
223Untertilliach
73%
912Innervillgraten
72%
656Obertilliach
72%
636St. Veit in Defereggen
72%
2.215Virgen
72%
887Nikolsdorf
69%
1.461Tristach
69%
921Ainet
68%
1.144Prägraten am Großvenediger
68%
1.229Anras
66%
1.786Assling
66%
759Kartitsch
66%
707Leisach
66%
492Amlach
65%
297St. Johann im Walde
65%
1.008Heinfels
64%
339Lavant
64%
686Hopfgarten in Defereggen
62%
605Iselsberg-Stronach
61%
453Schlaiten
59%
797Strassen
59%
625Thurn
57%
872Gaimberg
55%

Verteilung der Resultate

Perzentil nach korrekt beantworteten Fragen

Anzahl Personen mit jedem Resultat

Ihre Resultats-Entwicklung

Sie haben dieses Quiz noch nicht gespielt